Διαχρονική πορεία της ρύπανσης των υπογείων υδάτων αγροτικών περιοχών των νομών Κιλκίς και Θεσσαλονίκης από τα νιτρικά γεωργικής προέλευσης : μεταπτυχιακή διατριβή

Saved in:
Bibliographic Details
Main Author: Αλεξανδρής, Χρήστος
Corporate Author: Πανεπιστήμιο Αιγαίου Σχολή Περιβάλλοντος Τμήμα Περιβάλλοντος Πρόγραμμα Μεταπτυχιακών Σπουδών Γεωργία και Περιβάλλον
Other Authors: Δαλανάτος, Νίκος (Thesis advisor)
Format: Thesis Book
Language:Greek
Published: Μυτιλήνη : Πανεπιστήμιο Αιγαίου, Τμήμα Περιβάλλοντος, Μεταπτυχιακό Πρόγραμμα Σπουδών Γεωργία και Περιβάλλον, 2005
Subjects:
Tags: Add Tag
No Tags, Be the first to tag this record!

MARC

LEADER 00000cam a2200000 i 4500
001 1/26572
008 060321s2005 gre d
035 |l 10083191 
040 |a GR-MY-UA  |b gre  |e aacr 
041 0 |a gre 
082 0 |a 363.7394  |2 (22) 
100 1 |a Αλεξανδρής, Χρήστος. 
245 1 0 |a Διαχρονική πορεία της ρύπανσης των υπογείων υδάτων αγροτικών περιοχών των νομών Κιλκίς και Θεσσαλονίκης από τα νιτρικά γεωργικής προέλευσης :  |b μεταπτυχιακή διατριβή /  |c Αλεξανδρής Χρήστος ; υπεύθυνος καθηγητής Δαλανάτος Νικόλαος 
260 |a Μυτιλήνη :   |b Πανεπιστήμιο Αιγαίου, Τμήμα Περιβάλλοντος, Μεταπτυχιακό Πρόγραμμα Σπουδών Γεωργία και Περιβάλλον,   |c 2005 
300 |a 102 σ.;  |b χαρτ., διαγρ.;  |c 30 εκ. 
500 |a Υπάρχει ψηφιακό αντίγραφο. 
502 |a Διατριβή (μεταπτυχιακή) - Πανεπιστήμιο Αιγαίου, Λέσβος, 2005. 
504 |a Βιβλιογραφία: 66-68 
650 0 |a Agricultural pollution  |z Greece  |z Kilkis (Nome) 
650 0 |a Agricultural pollution  |z Greece  |z Thessalonike (Nome) 
650 0 0 |a Nitrates  |x Environmental aspects. 
650 0 0 |a Agricultural chemicals  |x Environmental aspects. 
650 0 |a Groundwater  |x Pollution  |z Greece  |z Thessalonike (Nome) 
650 0 |a Groundwater  |x Pollution  |z Greece  |z Kilkis (Nome) 
650 0 0 |a Dissertations, Academic  |z Greece. 
700 1 |a Δαλανάτος, Νίκος.  |4 ths 
710 2 |a Πανεπιστήμιο Αιγαίου  |b Σχολή Περιβάλλοντος  |b Τμήμα Περιβάλλοντος  |b Πρόγραμμα Μεταπτυχιακών Σπουδών Γεωργία και Περιβάλλον. 
852 |a INST  |b LESVOS  |c DIATR  |e 20060321  |h 93  |p 005100035477  |q 005100035477  |t MTXE  |y 23 
852 |a INST  |b LESVOS  |c DIATR  |e 20060321  |h 94  |p 005100035448  |q 005100035448  |t MTXE  |y 23 
901 |a BIBL1-2006-1 
909 |a Λ  |b 121252 
909 |a Λ  |b 121253 
924 |a ΑΛΕΞΑΝΔΡΗΣ  |b ΧΡΗΣΤΟΣ  |y ΛΕΣΒΟΣ  |z 2006-02 
970 |a ΜΑΡΙΝΑΤΟΥ  |b ΜΥΡΣΙΝΗ  |z 2006/03/21